00962nam a2200217 a 4500001001000000003000500010005001700015008004100032010001100073011001100084040000900095100003800104245018400142260005300326500006000379502010400439650003800543650004200581650005100623856007000674000115332CHAP20220329144530.0190509s2018 mx a |sm |||||||spa d a111793 a112765 cCHAP1 aValdivia Cabral, Juanita Japheth.13aEl conflicto socioambiental en el valle de Mazapil, Zacatecas, a partir del establecimiento de la minera peñasquito 2006-2016h[En línea]cpor Juanita Japheth Valdivia Cabral. aZacatecas, Zacatecas; Méx. :bEl autor,c2018. aPara ver el contenido del material haga clic en la liga aTesis (M.C. en Desarrollo Rural Regional) -- UACH. Dirección de Centros Regionales Universitarios14aIndustria mineraxImpacto social.14aOrganización de la comunidad rural.14aRecursos naturalesxConservaciónzZacatecas. aFinding aiduhttp://10.13.5.2/tesis/sist115332.pdfzTeclea aquí